000
00327nam a22001337a 4500
008
250108b |||||||| |||| 00| 0 eng d
020
_a
0-521-35721-7
050
_a
PR451
_b
.C76
100
_a
Cross Nigel
245
_a
The Common Writer
260
_a
New York
_b
Cambridge University Press
_c
1988
300
_a
vi,265
942
_c
BK
999
_c
1900
_d
1900